Normal view
MARC view
- PRODUCTION MANAGEMENT MATHEMATICAL OPERATION RESEARCH MANAGEMENT MATHEMATICAL MODELS
Entry Topical Term
001 - CONTROL NUMBER
- control field: 76157
003 - CONTROL NUMBER IDENTIFIER
- control field: NUST
005 - DATE AND TIME OF LATEST TRANSACTION
- control field: 20210628205606.0
008 - FIXED-LENGTH DATA ELEMENTS
- fixed length control field: 210628|| aca||aabn | a|a d
040 ## - CATALOGING SOURCE
- Original cataloging agency: NUST
- Transcribing agency: NUST
150 ## - HEADING--TOPICAL TERM
- Topical term or geographic name entry element: PRODUCTION MANAGEMENT MATHEMATICAL OPERATION RESEARCH MANAGEMENT MATHEMATICAL MODELS
670 ## - SOURCE DATA FOUND
- Source citation: Work cat.: (NUST): COOK, THOMAS M,RUSSELL, ROBERT A 65797, CONTEMPORARY OPERATION MANAGEMENT TEXT AND CASES, 1980
